书目信息 |
| 题名: |
射频与微波波谱学
|
|
| 作者: | 英格拉姆 著 ;陈家森 译 | |
| 分册: | ||
| 出版信息: | 上海 上海科学技术文献出版社 1982. |
|
| 页数: | 151页 | |
| 开本: | 20cm | |
| 丛书名: | ||
| 单 册: | ||
| 中图分类: | O455 | |
| 科图分类: | ||
| 主题词: | 无线电物理学 | |
| 电子资源: | ||
| ISBN: | ||
| 000 | 00589nam0 2200193 45 | |
| 001 | 0312221749 | |
| 005 | 20060721161601.12 | |
| 010 | @dCNY0.65 | |
| 100 | @a20031222d1982 km y0chiy0120 ea | |
| 101 | @achi | |
| 200 | 1 | @a射频与微波波谱学@AShe Pin Yu Wei Bo Bo Pu Xue@f(美)戴维·J·E·英格拉姆著@F(mei)dai wei·J·E·ying ge la mu zhu@g陈家森等译 |
| 210 | @a上海@c上海科学技术文献出版社@d1982. | |
| 215 | @a151页@d20cm | |
| 606 | 0 | @a无线电物理学 |
| 690 | @aO455@v3 | |
| 701 | 0 | @a英格拉姆@Aying ge la mu@4著 |
| 702 | 0 | @a陈家森@4译 |
| 801 | @aCN@bTSTCL@c20060721 | |
| 905 | @a213230@dO455@e1 | |
| 射频与微波波谱学/(美)戴维·J·E·英格拉姆著/陈家森等译.-上海:上海科学技术文献出版社,1982. |
| 151页;20cm |
| ISBN :CNY0.65 |
| ● |
| 相关链接 |
|
|
|
|
正题名:射频与微波波谱学
索取号:O455/1
 
预约/预借
| 序号 | 登录号 | 条形码 | 馆藏地/架位号 | 状态 | 备注 |
| 1 | 0432571 | 202098657 | 第二样本阅览室/ [索取号:O455/1] | 在馆 | |
| 2 | 0432648 | 204326489 | 密集书库/ [索取号:O455/1] | 在馆 |